| 000 | 00809nam a2200205 a 4500 | ||
|---|---|---|---|
| 008 | 120416s1996 ||||||||||||||||| || u | ||
| 020 | _a0821336355 | ||
| 050 | _aIBRD(08) | ||
| 100 | _aKendal, Henry Way, 1926- | ||
| 245 | 1 | 0 | _aMeeting the challenges of population, environment, and resources : the cost of inaction |
| 260 |
_aWashington, D.C. _bWorld Bank _c1996 |
||
| 300 | _avi, 46p. | ||
| 350 | _a0.00 | ||
| 490 | _aEnvironmentally sustainable development proceedings series No.14 | ||
| 650 | _aPOPULATION--ENVIRONMENTAL ASPECTS--CONGRESSES | ||
| 650 | _aSUSTAINABLE DEVELOPMENT--CONGRESSES | ||
| 650 | _aENVIRONMENT | ||
| 710 | _aWorld Bank | ||
| 995 |
_D0.00 _FCBU-MAIN LIBRARY (Kitwe) _H1 _I0.00 _M1 _UAVAILABLE _ZInternational Publications |
||
| 999 |
_c50964 _d50964 |
||